|
|
|
|
| LEADER |
00000nam a2200000 a 4500 |
| 001 |
vtls008827403 |
| 003 |
SK-MaSNL |
| 005 |
20260302021952.0 |
| 008 |
171123s1991 xo f 000 0 slo |
| 020 |
|
|
|a (brož.)
|
| 035 |
|
|
|a 71201B60-BB53-49D8-8693-A6238280A884
|
| 035 |
|
|
|a urn:nbn:sk:snk-amlv07
|
| 035 |
|
|
|a urn:nbn:sk:snk-am00cd2f
|
| 040 |
|
|
|a SNK
|b slo
|c SNK
|e AACR2
|
| 041 |
0 |
|
|a slo
|
| 044 |
|
|
|a xo
|c SK
|
| 072 |
|
7 |
|a 27-4
|x Praktická teológia. Morálna teológia
|2 konspekt
|
| 080 |
|
|
|a 27-42
|2 2001
|
| 080 |
|
|
|a (048.8)
|2 2001
|
| 245 |
0 |
0 |
|a Morálna teológia
|
| 250 |
|
|
|a [1. vyd.]
|
| 260 |
|
|
|a [S. l.
|b s. n.
|c 1991]
|
| 300 |
|
|
|a 78 s.
|c 29 cm
|
| 500 |
|
|
|a Názov z obalu
|
| 650 |
0 |
7 |
|a morálna teológia
|2 SNKPH
|9 881
|
| 655 |
|
7 |
|a štúdie
|2 SNKPH
|9 57033
|
| 999 |
|
|
|c 1031002
|d 1032932
|
| 952 |
|
|
|a SNK
|b SNK
|y PREZ
|7 0
|p 17A0514737
|o snkSB 72527
|i snk2006/13137
|8 3
|g 1.00
|0 0
|1 0
|4 0
|d 2006-06-29
|f 1
|l 0
|r 2025-04-25 00:00:00
|w 2026-02-24
|